| 000 | 00684nam a22001937a 4500 | ||
|---|---|---|---|
| 005 | 20250127123931.0 | ||
| 010 | _aBACEN25 | ||
| 020 |
_a9789355017031 _c225.00 |
||
| 037 | _bS. Chand | ||
| 082 | _a709.54 | ||
| 100 |
_aPavneet Singh _977126 |
||
| 245 |
_aFactbook of Indian Culture/ _cBy Pavneet Singh |
||
| 250 | _a1 | ||
| 260 |
_aNew Delhi _bS Chand and Company Limited _c2023 |
||
| 270 |
_a A-27, 2nd Floor, Mohan Co-operative Industrial Estate _bNew Delhi _e110044 _minfo@schandpublishing.com _k011-49731800 |
||
| 300 |
_ax,181p. _c23cm(pb) |
||
| 500 | _a For UPSC Civil Services Preliminary and Other State PSC Examinations/ | ||
| 942 |
_2ddc _cEN _h709.54 _mPAV |
||
| 999 |
_c208725 _d208725 |
||